00949 a2200217 4500020001500000040001300015082001400028100002400042245006300066260004900129300003500178440004700213440004000260500005100300650003500351856009000386856007800476942002600554999001500580952013600595 a0471471348 aDLCbDLC00a519.5/3541 aJackson, J. Edward.12aA user's guide to principal componentscJ. Edward Jackson. aHoboken, N.J. :bWiley-Interscience,cc2003. axvii, 569 p. :bill. ;c24 cm. 0aWiley series in probability and statistics 0aWiley-Interscience paperback series aOriginally published: New York : Wiley, c1991. 0aPrincipal components analysis.423Publisher descriptionuhttp://www.loc.gov/catdir/description/wiley041/2004268935.html423Table of contentsuhttp://www.loc.gov/catdir/toc/wiley041/2004268935.html cBKk519.5354 JAC2ddc c7757d7757 001040708NFICaCLbCLcGENd2005-04-05eAcademic Book Companyg5994.56l0o519.5354 JACpSEECS005521r2012-11-14w2017-01-05yBK